000 01239njm a22002777a 4500
005 20100909110752.0
007 sd ammalaaahaa
008 100907t xxu||||| |||| 00| 0 eng d
028 _aN. 2315
_bOdeon
035 _aGR-02217
040 _aSED/VEN
100 _aMangeshkar, Lata and Kishor Kumar
_918700
245 _aJugnu /
_cby Lata Mangeshkar and Asha Bhosle ;music by R.D Barman; lyrics Anand Bakshi
246 _aजुगनू/ लता मंगेशकर एंड आशा भोसले द्वारा
260 _aDam Dam, India
_bodeon
300 _a1 Sound Disc [Gramophone Record] :
_banalog.45 rpm
_c7.5 in (SP)
_fGramophone Record
500 _aBrief Record
505 _aSide 1- दीप दिवाली के झूटे (Deep diwali ke jhute) (Kishor kumar and Lata mangeshkar)--Side-२ जाने क्या पिलाया तुने (Janey kya pilaya tuney) (Kishor Kumar and Lata mangeshkar)
650 _aClassical Music
_xExcerpts
_zIndia
_918707
700 _918701
_aBakshi, Anand
700 _918729
_aBakshi, Anand
700 _918702
700 _919401
942 _2ddc
_cGR
999 _c45548
_d45548